Logico Piccolo 20 [kit] : brain development 6-patterns

Bibliographic Details
Format: Book
Published: Germany : Grolier , ©2009
Subjects:

MARC

LEADER 00000cam a2200000 7i4500
001 0000061609
005 20160319.0
008 160318
024 4 0 |a PICCOX06 
090 0 0 |a JF   |b EDU ENG 
245 1 0 |a Logico Piccolo 20 [kit] :   |b brain development 6-patterns 
260 |a Germany :   |b Grolier ,   |c ©2009 
300 |a 1 set (16 cards) :   |b col.ill ;   |c 23cm. 
500 |a Children ages 7-9 years old (orange) 
500 |a Includes parents' guide for Logico Piccolo 
505 0 |a Contents:find the same pattern(card 1 until card 4)-design the following patterns(card 5 until card7)-recognition of patterns(card 8 until card 16) 
650 0 |a Education, Preschool   |x Activity programs 
650 0 |a Education   |x English 
999 |a 0001395905   |b Book   |c Children Collection   |e Perbadanan Perpustakaan Awam Johor